000
00295nam a22001337a 4500
008
171027b xxu||||| |||| 00| 0 eng d
020
_a
9780314158604
041
_a
eng
080
_2
1ST
_a
336
100
_a
56
101
_a
FIN
245
_a
SECURED TRANSACTIONS
_c
RUSCH,L.J
942
_2
udc
_c
BK
999
_c
36294
_d
36294